000 00780nam a2200229Ia 4500
005 20240530110935.0
008 140319s1994 xx 000 0 ara d
020 _a9960201171
040 _aGCL /
_cGCL
082 0 4 _b362.7 /
_bا ش
100 1 _aابراهيم بن مبارك الجوير
245 1 0 _aالشباب وقضاياه المعاصرة /
_cتاليف ابراهيم بن مبارك الجوير
250 _aالاولى
260 _aالرياض :
_bمكتبة العبيكان
_c1994
300 _a62 ص ؛
_c24 سم
650 0 4 _aالشباب
650 0 4 _aالمشاكل الاجتماعية
650 0 4 _aالغزو الثقافى
651 _2الشباب
_aالسعودية
942 _2ddc
_cBK
999 _c66718
_d66718